|
|
|
|
| LEADER |
00000nam a2200000 a 4500 |
| 001 |
vtls001385092 |
| 003 |
SK-MaSNL |
| 005 |
20260301144342.0 |
| 008 |
160624s1999 xo 0 slo |
| 015 |
|
|
|a SNBJ2000/01-00145
|
| 035 |
|
|
|a SNK000339212
|
| 040 |
|
|
|a SNK
|b slo
|c SNK
|e AACR2
|
| 041 |
0 |
|
|a slo
|
| 044 |
|
|
|a xo
|c SK
|
| 080 |
|
|
|a 784.66:785.1(086.7)
|2 1981
|
| 245 |
1 |
|
|a Senzus. Mamám a otcom
|h zvukový dokument
|n 24
|
| 260 |
|
|
|a Bratislava
|b SQ Music
|c 1999
|
| 300 |
|
|
|a 1 magnetofónová kazeta (45 min. 52 sek.)
|b stereo
|
| 505 |
0 |
|
|a Obsahuje 11 piesní
|
| 511 |
|
|
|a Účinkuje hudobná skupina Senzus
|
| 650 |
0 |
7 |
|a populárna hudba
|x piesne ľudové upravené
|x kazety magnetofónové
|2 SNK
|9 283879
|
| 650 |
0 |
7 |
|a piesne ľudové upravené
|x kazety magnetofónové
|2 SNK
|9 283880
|
| 655 |
|
7 |
|a magnetofónové kazety
|2 SNK
|9 70693
|
| 710 |
0 |
|
|a Senzus (hudobná skupina)
|4 uci
|9 32413
|
| 999 |
|
|
|c 776830
|d 778760
|
| 952 |
|
|
|t P65, <07>, [BOOK], {657}
|a SNK
|b SNK
|y PREZ
|7 0
|p 17A0232041
|o snkK 1322/24
|i snkJK 73/2000
|0 0
|1 0
|4 0
|d 2000-03-15
|l 0
|r 2005-01-02 00:00:00
|w 2026-02-24
|